European Colonization Quiz - Statistics

General Stats
  • This quiz has been taken 149 times
  • The average score is 10 of 15
Answer Stats
Question Answer % Correct
What Country Did NOT Have A Colonial Empire Poland
95%
What Country Colonized Algeria? France
93%
Which Of These Countries Had Colonies In The Americas Spain
92%
What Country Colonized Indonesia? Netherlands
89%
Why did the German Colonial Empire End? It Was Forced To Cede It's Colonies After It Lost WW1
85%
Which Of These Countries Were Colonized By Portugal East Timor
81%
Which Of These Asian Countries Were Not Colonized By Portugal Pakistan
81%
What Country Did NOT Colonize Ceylon (Sri Lanka)? Belgium
80%
What Country Did NOT Have Colonies In Asia Germany
79%
What African Nation Was Never Colonized By A European Power? Liberia
58%
What Country FIRST Colonized Burundi? Germany
50%
What Country Colonized Nepal? None
41%
When Was Guam Colonized By The Spanish? 1668
37%
What Country Colonized Taiwan Netherlands
24%
What South American Region/Country Was Colonized Last Guyana
8%
No matching quizzes found
Score Distribution
Percent of People with Each Score
Percentile by Number Answered
Your Score History
You have not taken this quiz